Agustín Edwards Mac Clure: periodista, diplomático y político, los cuarenta primeros años del siglo XX chileno
Enregistré dans:
| Auteur principal: | |
|---|---|
| Format: | Livre |
| Langue: | espagnol |
| Publié: |
Santiago
Aguilar Chilena
2009
|
| Sujets: | |
| Tags: |
Ajouter un tag
Pas de tags, Soyez le premier à ajouter un tag!
|
MARC
| LEADER | 00000cam a2200000 a 4500 | ||
|---|---|---|---|
| 001 | UCH4474 | ||
| 003 | CL-VaPUC | ||
| 008 | 090820e20090000CL |||||||||||||||||spa|d | ||
| 020 | |a 9789562396875 | ||
| 082 | 0 | 4 | |a 923.2 |b VIA |2 21 |
| 100 | 0 | |a Vial Correa, Gonzalo |e author |9 540004 | |
| 245 | 1 | 0 | |a Agustín Edwards Mac Clure: periodista, diplomático y político, los cuarenta primeros años del siglo XX chileno |
| 300 | |a 456 p | ||
| 942 | |c BK | ||
| 945 | |d 20090820 00:00:00 |a rbrito | ||
| 260 | |a Santiago |b Aguilar Chilena |c 2009 | ||
| 600 | 0 | 7 | |a EDWARDS MAC CLURE, AGUSTIN |2 CL-VaPUC |9 444634 |
| 650 | 0 | |a Biografías |9 255210 | |
| 650 | 0 | |a Periodismo |9 310113 | |
| 650 | 0 | |a Diplomacia |9 256483 | |
| 650 | 0 | |a Política |9 255312 | |
| 651 | 7 | |a CHILE |2 CL-VaPUC |9 540005 | |
| 583 | |a last modification |c 20181010 02:44:02 |k Rodrigo Vera | ||
| 999 | |c 335783 |d 335781 | ||
| 952 | |0 0 |1 0 |4 0 |6 923_200000000000000_VIA_2009 |7 0 |8 A |9 426500 |a BIBHIS |b BIBHIS |d 2019-11-22 |i 4589327 |o 923.2 VIA 2009 |p 4589327 |r 2025-01-20 |w 2019-11-22 |y BK |k HIS | ||
| 952 | |0 0 |1 0 |3 erb |4 0 |6 923_200000000000000_VIA_2009 |7 0 |8 X |9 426501 |a FDOBUD |b FDOBUD |i 550077K |o 923.2 VIA 2009 |p 550077K |r 2019-11-22 |w 2019-11-22 |y BK_X |z Catalogado en:20180927 |k BUD | ||